[Event "GER-chT U10"]
[Site "Magdeburg"]
[Date "2016.12.28"]
[Round "4.2"]
[White "Mantu, Valentin"]
[Black "Kinsky, Leonhard"]
[Result "0-1"]
[WhiteElo "961"]
[BlackElo "929"]
[PlyCount "62"]
[EventDate "2016.12.27"]
[EventType "team-swiss"]
[EventRounds "7"]
[EventCountry "GER"]
[SourceTitle "EXT 2018"]
[Source "ChessBase"]
[SourceDate "2017.10.13"]
[SourceVersion "1"]
[SourceVersionDate "2017.10.13"]
[SourceQuality "1"]
[WhiteTeam "Erfurt Empor"]
[BlackTeam "Landskrone"]
[WhiteTeamCountry "GER"]
[BlackTeamCountry "GER"]

1. Nf3 d5 2. b3 Nf6 3. Bb2 Bg4 4. e3 e6 5. g3 Nc6 6. Bg2 Bd6 7. d4 0-0 8. Nbd2 Re8 9. 0-0 e5 10. Re1 e4 11. h3 Bxf3 12. Nxf3 exf3 13. Qxf3 Nb4 14. Rec1 c5 15. Bf1 a6 16. c3 Nc6 17. Bd3 b6 18. c4 dxc4 19. bxc4 cxd4 20. Qxc6 dxe3 21. fxe3 Rxe3 22. Rd1 Bc5 23. Bxh7+ Kxh7 24. Rxd8 Rxd8 25. Qg2 Re2+ 26. Kh2 Rxg2+ 27. Kxg2 Rd2+ 28. Kf3 Rxb2 29. Kf4 Rf2+ 30. Kg5 Be3+ 31. Kh4 g5# 0-1

[Event "GER-chT U10"]
[Site "Magdeburg"]
[Date "2016.12.27"]
[Round "2.2"]
[White "Mantu, Valentin"]
[Black "Pietsch, Johann"]
[Result "1/2-1/2"]
[WhiteElo "961"]
[BlackElo "1224"]
[PlyCount "41"]
[EventDate "2016.12.27"]
[EventType "team-swiss"]
[EventRounds "7"]
[EventCountry "GER"]
[SourceTitle "EXT 2018"]
[Source "ChessBase"]
[SourceDate "2017.10.13"]
[SourceVersion "1"]
[SourceVersionDate "2017.10.13"]
[SourceQuality "1"]
[WhiteTeam "Erfurt Empor"]
[BlackTeam "Halle Roter Turm"]
[WhiteTeamCountry "GER"]
[BlackTeamCountry "GER"]

1. Nf3 Nc6 2. b3 Nf6 3. Bb2 g6 4. g3 Bg7 5. Bg2 0-0 6. 0-0 d6 7. d4 d5 8. e3 Bf5 9. Nbd2 Qd7 10. Nh4 Bh3 11. Ndf3 Bxg2 12. Nxg2 Rfe8 13. Qd3 a6 14. Rfe1 Rad8 15. Rad1 Ne4 16. a4 Nb4 17. Qe2 e6 18. Kf1 Qc6 19. Rc1 Na2 20. Ra1 Nb4 21. Rac1 1/2-1/2

[Event "GER-chT U10"]
[Site "Magdeburg"]
[Date "2015.12.28"]
[Round "3.4"]
[White "Mantu, Valentin"]
[Black "Guenther, Fabian"]
[Result "0-1"]
[WhiteElo "952"]
[BlackElo "1124"]
[PlyCount "90"]
[EventDate "2015.12.27"]
[EventType "team-swiss"]
[EventRounds "7"]
[EventCountry "GER"]
[SourceTitle "EXT 2017"]
[Source "ChessBase"]
[SourceDate "2016.10.25"]
[SourceVersion "1"]
[SourceVersionDate "2016.10.25"]
[SourceQuality "1"]
[WhiteTeam "Erfurt Empor II"]
[BlackTeam "Dresden TU"]
[WhiteTeamCountry "GER"]
[BlackTeamCountry "GER"]

1. b4 d5 2. Bb2 Nc6 3. b5 Nb8 4. e3 a6 5. Nf3 Bd7 6. bxa6 bxa6 7. c4 c6 8. Be2 Qb6 9. Bc3 Nf6 10. cxd5 Nxd5 11. e4 Nf4 12. 0-0 e6 13. d4 c5 14. Qd2 cxd4 15. Nxd4 Nxe2+ 16. Nxe2 Qc6 17. Rc1 Qxe4 18. Ng3 Qd5 19. Qxd5 exd5 20. Re1+ Be6 21. f4 Bc5+ 22. Kh1 0-0 23. Rc1 Be3 24. Re1 Bxf4 25. Nh5 Bh6 26. Nd2 Nc6 27. Rf1 d4 28. Bb2 Bxd2 29. Rf2 Be3 30. Rf3 Ne5 31. Rg3 Nd3 32. Rxg7+ Kh8 33. Ba3 Rg8 34. Rxg8+ Kxg8 35. Nf6+ Kg7 36. Be7 Nf2+ 37. Kg1 Ng4+ 38. Kf1 Nxf6 39. Bxf6+ Kxf6 40. Rb1 Bc4+ 41. Ke1 Bd3 42. Rb6+ Kg7 43. Rc6 Rb8 44. Rc1 Bxc1 45. Kd1 Be3 0-1